用左右腦全圖解背新多益單字(附1MP3+防水書套) (Record no. 4316)
[ view plain ]
| 000 -記錄標示 | |
|---|---|
| fixed length control field | 00316nam a2200109Ia 4500 |
| 003 - 控制號標識 | |
| 控制識別號 | yeezen |
| 005 - 最後更新時間 | |
| control field | 20201029111718.0 |
| 008 - 定長欄資料代碼 | |
| fixed length control field | 180213s9999||||xx |||||||||||||| ||und|| |
| 020 ## - 國際標準書號 | |
| 價格與相關資訊 | NT360 |
| 國際標準書號 | 978-986-93216-6-2 |
| 100 ## - 主要款目--主要著者 | |
| 個人姓名 | 李鈺秋 |
| 245 #0 - 題名及著者敘述項 | |
| 著者敍述 | 李鈺秋 |
| 正題名 | 用左右腦全圖解背新多益單字(附1MP3+防水書套) |
| 250 ## - 版本項 | |
| 版本敍述 | 初版 |
| 260 ## - 出版項 | |
| 出版年 | 2017 |
| 出版地 | 台北市 |
| 942 ## - 附加款目元素 (KOHA) | |
| 分類法來源 | 中文圖書分類法 |
| Koha 館藏類型 | 一般圖書 |
| 撤銷狀態 | 遺失狀態 | 損壞狀態 | 不外借 | 永久館藏地 | 現在館藏地 | 採購日期 | 全部借出 | 全部續借 | 完整索書號 | 條碼號 | 還書日 | 最後一次日期記錄 | Date last checked out | 一般價格有效日期 | Koha館藏類型 |
|---|---|---|---|---|---|---|---|---|---|---|---|---|---|---|---|
| 未註銷館藏 | 未遺失 | 未損毀 | 可外借 | 怡仁綜合醫院圖書館 | 怡仁綜合醫院圖書館 | 2018-02-13 | 8 | 2 | 805.1895 | C02400 | 2026-04-23 | 2026-04-09 | 2026-04-09 | 2018-02-13 | 一般圖書 |